| 000 | 00379nam a2200145Ia 4500 | ||
|---|---|---|---|
| 008 | 100415s9999 xx 000 0 und d | ||
| 082 |
_b235 _a598.252 |
||
| 100 | _aThomson AL | ||
| 245 | _aProblems of bird migration | ||
| 260 |
_aW.C. _c1926 _bH.F.&G.WITHERBY |
||
| 365 | _b0 | ||
| 630 | _aProblems of bird migration | ||
| 730 | _aProblems of bird migration | ||
| 942 | _cBOOK | ||
| 999 |
_c583314 _d583311 |
||